000
00319pab a2200133 454500
008
180718b xxu||||| |||| 00| 0 eng d
100
_a
Vittal, N.
245
_a
Experiments in administrative innovation
650
_a
IAS
650
_a
Bureaucrayc
650
_a
Civil Service
773
_a
Administrator
909
_a
22888
999
_c
22888
_d
22888